| 000 | 02307nam a2200277 a 4500 | ||
|---|---|---|---|
| 005 | 20141222143820.0 | ||
| 008 | 140124b2005 ck ||||| |||| 00| 0 spa d | ||
| 040 | _cCO-BoIH | ||
| 041 | _aspa | ||
| 044 | _ack | ||
| 090 |
_aIAVH _b00449 |
||
| 100 |
_aCaro Castrillón, Andrés Felipe _95032 |
||
| 245 | _aPropuesta de aplicación de herramientas de manejo de paisaje rural ganadero de tierra fría e incentivos en la cuenca alta del río Chinchiná | ||
| 260 |
_aManizales _bInstituto Alexander von Humboldt _c2005 |
||
| 300 | _a281 p. | ||
| 520 | _aFormulación y diseño de una propuesta que, en el primer capítulo, parte de conceptualizaciones y métodos de análisis de aspectos pertinentes a los procesos de manejo de información primaria, secundaria y de los análisis e interpretaciones convenientes a la necesidad de mapificar asuntos del orden físico biótico y socioeconómico, para luego, en el segundo capítulo y con base en instrumentos auxiliares de diagnóstico, como el SIG y los paquetes de manejo estadístico de información (SPSS), establece una sintomatología ambiental, y se expone la síntesis de los dos componentes de referencia. Con base en evaluaciones comparativas vs. estándares o patrones, se obtienen categorizaciones de uso de unidades integrales homogéneas,obteniéndose categorizaciones de uso de las mismas, aspectos relacionados con las indicaciones de los objetivos de conservación de la cuenca alta, identificándose en el capítulo tercero las herramientas de manejo del paisaje. En el capítulo cuarto se tratan los costos de instalación y mantenimiento de las herramientas y las oportunidades de aplicación de las mismas. En el quinto, se relacionan las posibilidades de participación institucional en la ejecución de las propuestas, las estrategias de negociación posibles, lineamientos de orden operativo y se señalan esquemas de evaluación de desempeño y de impactos | ||
| 650 |
_aHerramientas de Manejo del Paisaje _930634 |
||
| 650 |
_aHMP _92851 |
||
| 650 |
_aGanadería de tierra fría _95033 |
||
| 650 |
_aIncentivos para aplicación de HMP _95034 |
||
| 650 |
_aZonificación _930635 |
||
| 650 |
_aConstrucción cartográfica _95036 |
||
| 700 |
_aValdés Carrillo, Hernando _95037 |
||
| 942 |
_cINFORME _2z |
||
| 945 | _d2005-11-16 | ||
| 999 |
_c4816 _d4816 |
||